| 000 | 00706nam a22002177a 4500 | ||
|---|---|---|---|
| 005 | 20170124110018.0 | ||
| 010 | _aA-436496 | ||
| 020 |
_c70.00 _a8171940099 |
||
| 035 | _aA-436496 | ||
| 037 | _bCen Lib/Ret | ||
| 040 |
_aDPL _bEN |
||
| 082 |
_a336.24 _bSIN |
||
| 100 |
_aSinghania, Vinod K. _912242 |
||
| 245 |
_aStudent's guide to income-tax 1990-91 : _cby Vinod K. Singhania _bB.Com/ CA (Inter) / |
||
| 260 |
_aDelhi _bTaxmann Publications Private Limited _c1990 |
||
| 270 |
_a1871, Kucha Chelan, Khari Baoli _bDelhi _e110006 |
||
| 300 |
_avarious pagings : _c21cm(Hb) _bill. |
||
| 650 |
_aEconomics _988881 |
||
| 650 |
_aPublic Finance _912243 |
||
| 942 |
_2ddc _cEN _h336.24 _mSIN |
||
| 999 |
_c127010 _d127010 |
||